PLAYING TO WIN NINTENDO AND THE VIDEO GA (Record no. 17374)
[ view plain ]
| 000 -LEADER | |
|---|---|
| fixed length control field | 00287nam a2200121Ia 4500 |
| 008 - FIXED-LENGTH DATA ELEMENTS--GENERAL INFORMATION | |
| fixed length control field | 240624s9999 xx 000 0 und d |
| 041 ## - LANGUAGE CODE | |
| Language code of text/sound track or separate title | eng |
| 082 ## - DEWEY DECIMAL CLASSIFICATION NUMBER | |
| Classification number | 338.477948 SLO |
| 100 ## - MAIN ENTRY--PERSONAL NAME | |
| Personal name | SLOAN DANIEL |
| 245 ## - TITLE STATEMENT | |
| Title | PLAYING TO WIN NINTENDO AND THE VIDEO GA |
| 260 ## - PUBLICATION, DISTRIBUTION, ETC. | |
| Date of publication, distribution, etc. | 2010 |
| 365 ## - TRADE PRICE | |
| Currency code | |
| Price amount | 25 |
| Withdrawn status | Lost status | Damaged status | Not for loan | Home library | Current library | Shelving location | Date acquired | Source of acquisition | Cost, normal purchase price | Full call number | Barcode | Date last seen | Copy number | Price effective from | Koha item type |
|---|---|---|---|---|---|---|---|---|---|---|---|---|---|---|---|
| IMTN | IMTN | Rack 11-B | 07/08/2011 | AP | 24.95 | 338.477948 SLO | 17374 | 06/24/2024 | 47.3 | 06/24/2024 | Books |